| 000 | 01100cam a22002895a 4500 | ||
|---|---|---|---|
| 001 | L130754 | ||
| 008 | 050825s2008 xxk f 000 0 eng u | ||
| 020 | _a9780418825501 | ||
| 035 | _a(Sirsi) u130754 | ||
| 041 | 0 | _aeng | |
| 050 | 0 | 4 | _a692.8 $2 18 |
| 110 | 2 |
_aJoint Contracts Tribunal _93664 |
|
| 245 | 0 | 0 |
_aConstruction manager collateral warranty for a funder _bCMWa/F |
| 246 | _aCMWa/F | ||
| 260 |
_aLondon _bSweet and Maxwell _c2008 |
||
| 300 |
_aii, 21p. _c30cm. |
||
| 350 | _a17.95 | ||
| 490 | 0 | _aJCT Contracts 2008 | |
| 505 | 2 | _aWarranty agreement -- Warranty particulars -- Attestation -- Guidance notes | |
| 520 | _aWarranty which may be given by a construction manager to a funder for proposed building works let under the Construction Management (CM) documentation. | ||
| 521 | _aAdvanced | ||
| 590 | _aKA | ||
| 650 | 2 | 4 | _aJCT CONSTRUCTION MANAGER COLLATERAL WARRANTY FOR A FUNDER 2008 EDITION |
| 651 | 4 | _aUnited Kingdom | |
| 690 | _aBUILT ENVIRONMENT-BUILDING CONTRACT FORMS-STANDARD FORMS OF BUILDING CONTRACT-JOINT CONTRACTS TRIBUNAL CONTRACTS | ||
| 942 |
_n0 _2ddc |
||
| 999 |
_c104561 _d104561 |
||